KOHA-Header-6

Money and Banking in Pakistan (Record no. 7674)

000 -LEADER
fixed length control field 00262nam a2200109Ia 4500
100 ## - MAIN ENTRY--AUTHOR NAME
Personal name Javed A. Ansari
245 #0 - TITLE STATEMENT
Title Money and Banking in Pakistan
260 ## - PUBLICATION, DISTRIBUTION, ETC. (IMPRINT)
Place of publication UK
Name of publisher Education
Year of publication 2001
300 ## - PHYSICAL DESCRIPTION
Number of Pages 200
942 ## - ADDED ENTRY ELEMENTS (KOHA)
Koha item type Books
Holdings
Withdrawn status Lost status Collection code Permanent Location Current Location Shelving location Date acquired Full call number Accession Number Koha item type
    Banking MAJU MAJU Shelf No.A45 2019-09-12 658.8 1677 Banking

Powered by Koha